Current Events - U.S. | 1 | 30.00 | 100% | 100% | 100% |
Current Events - World | 3 | 13.33 | 100% | 33% | 0% |
Fine Arts - Ballet/Dance | 1 | 20.00 | 100% | 100% | 0% |
Fine Arts - Miscellaneous | 1 | 20.00 | 100% | 100% | 0% |
Fine Arts - Music | 9 | 20.00 | 89% | 78% | 33% |
Fine Arts - Painting | 4 | 20.00 | 100% | 75% | 25% |
Fine Arts - Photography | 2 | 5.00 | 50% | 0% | 0% |
Fine Arts - Sculpture | 2 | 15.00 | 100% | 50% | 0% |
Geography - United States | 1 | 10.00 | 100% | 0% | 0% |
Geography - World | 2 | 20.00 | 100% | 50% | 50% |
History - American | 9 | 20.00 | 89% | 89% | 22% |
History - Cross, Historiography, and Miscellaneous | 10 | 18.00 | 100% | 70% | 10% |
History - European | 8 | 22.50 | 88% | 100% | 38% |
History - World | 9 | 23.33 | 89% | 100% | 44% |
Literature - American | 9 | 20.00 | 89% | 78% | 33% |
Literature - British | 6 | 16.67 | 100% | 50% | 17% |
Literature - European | 7 | 20.00 | 100% | 86% | 14% |
Literature - World and Miscellaneous | 6 | 21.67 | 100% | 100% | 17% |
Other - Other Academic and General Knowledge | 5 | 14.00 | 100% | 40% | 0% |
RMP - Buddhism | 1 | 20.00 | 100% | 100% | 0% |
RMP - Greco-Roman Mythology | 3 | 16.67 | 100% | 33% | 33% |
RMP - Hebrew Bible | 1 | 30.00 | 100% | 100% | 100% |
RMP - Islam | 2 | 15.00 | 100% | 50% | 0% |
RMP - New Testament | 3 | 13.33 | 100% | 33% | 0% |
RMP - Other Religion | 1 | 10.00 | 100% | 0% | 0% |
RMP - Philosophy | 3 | 16.67 | 100% | 67% | 0% |
RMP - World Mythology | 4 | 20.00 | 100% | 75% | 25% |
Science - Astronomy | 1 | 20.00 | 100% | 100% | 0% |
Science - Biology | 8 | 16.25 | 100% | 63% | 0% |
Science - Chemistry | 8 | 15.00 | 100% | 50% | 0% |
Science - Computer Science | 2 | 15.00 | 100% | 50% | 0% |
Science - Earth | 3 | 13.33 | 100% | 33% | 0% |
Science - Engineering and Miscellaneous | 1 | 10.00 | 100% | 0% | 0% |
Science - Math | 3 | 13.33 | 100% | 33% | 0% |
Science - Physics | 10 | 13.00 | 100% | 30% | 0% |
Social Science - Anthropology | 1 | 20.00 | 100% | 100% | 0% |
Social Science - Economics | 1 | 20.00 | 100% | 100% | 0% |
Social Science - Other | 1 | 10.00 | 100% | 0% | 0% |
Social Science - Psychology | 2 | 20.00 | 100% | 50% | 50% |
Social Science - Sociology | 1 | 20.00 | 100% | 100% | 0% |